000 00710nam a2200289Ia 4500
005 20260324141607.0
008 008 260324s9999 xx 000 0 eng d
020 _a9780203990650
037 _aEBOOK
040 _aCRL
040 _beng
040 _cCRL
041 _2eng
041 _aeng
084 _qCRL
100 _a The Feminist Review Collective
_91204347
245 0 _aFeminist Review
245 0 _bIssue 53: Speaking Out: Researching and Representing Women
260 _bTaylor and Francis
260 _c1996
365 _a
365 _b165
856 _uhttp://www.taylorfrancis.com/books/9780203990650
942 _cEBOOK
999 _c1812035
_d1812035